[Event "Centrocoop op"]
[Site "Eforie Nord"]
[Date "1997.??.??"]
[Round "?"]
[White "Efseev, Denis"]
[Black "Nicolescu, Ilie"]
[Result "1-0"]
[WhiteElo "2370"]
[BlackElo "1800"]
[PlyCount "102"]
[EventDate "1997.??.??"]
[EventType "swiss"]
[EventRounds "11"]
[EventCountry "ROU"]
[SourceTitle "EXT 2010"]
[Source "ChessBase"]
[SourceDate "2010.11.25"]
[SourceVersion "1"]
[SourceVersionDate "2010.11.25"]
[SourceQuality "1"]

1. d4 Nf6 2. c4 c5 3. d5 e6 4. Nc3 exd5 5. cxd5 d6 6. g3 g6 7. Bg2 Bg7 8. Nf3 0-0 9. 0-0 Re8 10. Bf4 a6 11. a4 Qe7 12. h3 Nbd7 13. e4 Rb8 14. Re1 Nh5 15. Bg5 Qf8 16. g4 Nhf6 17. Bf4 h5 18. g5 Nh7 19. Qc1 c4 20. Be3 b5 21. axb5 axb5 22. Nd4 b4 23. Nce2 Ne5 24. f4 Nd3 25. Qxc4 Nxe1 26. Rxe1 Bd7 27. Rf1 Rec8 28. Qb3 Qe8 29. f5 Ba4 30. Qd3 Be5 31. h4 Nf8 32. Nf4 Bb5 33. Nxb5 Qxb5 34. fxg6 Nxg6 35. Qd1 Nxf4 36. Bxf4 Bxf4 37. Rxf4 Qc5+ 38. Kh2 Qc1 39. Qf3 Qe1 40. Qxh5 Rb7 41. g6 fxg6 42. Qg4 Rf8 43. Rxf8+ Kxf8 44. Qc8+ Kg7 45. Qxb7+ Kh6 46. Qe7 Qf2 47. Qg5+ Kh7 48. b3 Qc2 49. h5 gxh5 50. Qxh5+ Kg7 51. Qg5+ Kh8 1-0